000 00558nam a2200181Ia 4500
003 OSt
005 20231207151534.0
008 190216s9999||||xx |||||||||||||| ||und||
020 _a9780330439107
040 _coclc
082 _a954
_bRIZ/W
100 1 _aRizvi, Saiyid Athar Abbas,
_d1921-
_92312
245 4 _aThe Wonder That Was India 2nd Edn 1200-1700 /
_cS A A Rizvi
260 _bPicador,
_c1987.
_aLondon:
300 _a416p
650 0 _aHistory & geography
_vIslamic History
_92271
942 _cBK
_2ddc
_h954
_iRIZ/W
_k954
_mRIZ/W
999 _c23155
_d23155